000 00664nam a2200229Ia 4500
003 OSt
005 20221007074105.0
006 a|||||r|||| 00| 0
007 ta
008 221006b |||||||| |||| 00| 0 eng d
024 _a24,515
037 _cTextual
040 _aFLL
_cFLL
_beng
041 _2eng
_aeng
082 _aZ252:211, J3
100 _aHusain Syed Mohammad
_9692507
245 0 _aCommentaries on U.P. zamindari abolition and land reforms act, 1950
260 _aLucknow
_bEastern Bool Co. India
_c1953
300 _axxxiv,1-611p
_ccm.
942 _hZ252:211, J3
_cTEXL
_2CC
999 _c1151113
_d1151113